Intensive sheep production in the Near East /

Bibliographic Details
Main Author: Economides, Soterios
Format: Book
Language:English
Published: Rome : Food and Agriculture Organization of the United Nations, 1983.
Series:FAO animal production and health paper ; 40.
Subjects:

MARC

Tag First Indicator Second Indicator Subfields
LEADER 00000cam a2200000 a 4500
001 in00000577321
005 20151014060328.0
008 840829s1983 nyua i00010 eng
010 |a  84207656  
019 |a 11232144 
020 |a 9251013993 (pbk.) 
035 |a (OCoLC)11227256 
035 |9 ACM7268AM 
039 0 |a 2  |b 3  |c 3  |d 3  |e 3 
040 |a DLC  |c DLC  |d TXA  |d UtOrBLW 
043 |a aw----- 
049 |a TXAM  |c [A09033332] 
050 0 0 |a SF375.5.N33  |b E36 1983 
082 0 |a 636.3/9/00956  |2 19 
100 1 |a Economides, Soterios. 
245 1 0 |a Intensive sheep production in the Near East /  |c by Soterios Economides. 
264 1 |a Rome :  |b Food and Agriculture Organization of the United Nations,  |c 1983. 
300 |a ix, 67 pages :  |b illustrations ;  |c 30 cm. 
336 |a text  |b txt  |2 rdacontent 
337 |a unmediated  |b n  |2 rdamedia 
338 |a volume  |b nc  |2 rdacarrier 
490 1 |a FAO animal production and health paper ;  |v 40 
650 0 |a Sheep  |z Middle East. 
830 0 |a FAO animal production and health paper ;  |v 40. 
999 |a MARS 
999 f f |s 9590beb6-8c3e-306e-b500-1958abe2c4c7  |i 288de94f-ab78-3f81-a534-853eb270fd12  |t 0 
952 f f |p ric  |a Texas A&M University  |b Rellis Campus  |c Joint Library Facility  |d Remote Storage  |t 0  |e SF375.5.N33 E36 1983  |h Library of Congress classification  |i unmediated -- volume  |m A14809033332 
998 f f |a SF375.5.N33 E36 1983  |t 0  |l Remote Storage